header

Non-state actors in asset recovery (Record no. 213754)

MARC details
000 -LEADER
fixed length control field 02530nam a2200373 a 4500
082 04 - DEWEY DECIMAL CLASSIFICATION NUMBER
Classification number 347/.077
245 00 - TITLE STATEMENT
Title Non-state actors in asset recovery
260 ## - PUBLICATION, DISTRIBUTION, ETC. (IMPRINT)
Place of publication Bern ;
-- New York :
Name of publisher Peter Lang,
Year of publication c2011.
300 ## - PHYSICAL DESCRIPTION
Number of Pages xli, 188 p.
505 0# - FORMATTED CONTENTS NOTE
Formatted contents note Preface / Anne Peters -- Introduction / Valentin Zellweger -- A stronger role for non-state actors in the asset recovery process / Pedro Gomes Pereira, Anja Roth, and Kodjo Attisso -- How to turn Article 51 into reality? / Maud Perdriel-Vaissiere -- Links between corruption and organised crime and research gaps / Michael Levi and Nicholas Lord -- Transnational civil asset recovery of the proceeds of crime and corruption : a practical approach / Edward H. Davis -- Non-state actors and value recovery : ganging to create political will / Melvin Ayogu -- Civil society facilitators of asset recovery : the two Swiss cases Mobutu and Abacha / Max Mader -- The role of financial institutions in anti-bribery and anti-corruption efforts / Markus E. Schulz -- The role of donors in supporting NSAs in the asset recovery process / Anne Lugon-Moulin -- "Excellent!" I cried. "Elementary!" said he. Mutual legal assistance and the present challenges faced by the legal community in the never-ending quest for the recovery of stolen assets---the victim's options / Keith Oliver -- Conclusions / Daniel Thelesklaf.
650 #0 - SUBJECT ADDED ENTRY--TOPICAL TERM
Topical Term Forfeiture
Topical Term Non-state actors (International relations)
Topical Term Non-governmental organizations.
Topical Term Political corruption
700 1# - ADDED ENTRY--PERSONAL NAME
Personal name Thelesklaf, Daniel.
Personal name Pereira, Pedro Gomes.
856 40 - ELECTRONIC LOCATION AND ACCESS
Uniform Resource Identifier http://site.ebrary.com/lib/rucke/Doc?id=10600060

No items available.

© 2026 Rongo University
Contact us: librarian | system librarian | Rongo university